[Event "2024 Newport Major"]
[Site "Newport"]
[Date "2024.08.18"]
[Round "5.17"]
[White "Peters, Chris"]
[Black "Bourne, Patrick"]
[Result "0-1"]
[WhiteElo "1661"]
[BlackElo "1670"]
[PlyCount "74"]
[EventDate "2024.08.16"]

1. e4 d5 2. exd5 Qxd5 3. Nc3 Qa5 4. b4 Qb6 5. Nf3 Nf6 6. Rb1 Bg4 7. Bc4 e6 8. O-O Be7 9. h3 Bxf3 10. Qxf3 c6 11. Re1 O-O 12. d3 Qd4 13. Ne2 Qd8 14. Nf4 Bd6 15. Nh5 Nbd7 16. Bg5 Be7 17. Nxf6+ Nxf6 18. b5 Qd7 19. bxc6 bxc6 20. Rb3 Rab8 21. Reb1 Rxb3 22. Rxb3 h6 23. Be3 Nd5 24. Bxd5 cxd5 25. c4 dxc4 26. Rb7 Qd6 27. dxc4 Rc8 28. c5 Qd8 29. Rxa7 Bf6 30. c6 Qd6 31. Ra6 Qd5 32. Qxd5 exd5 33. Bf4 g5 34. Bd6 d4 35. Kf1 d3 36. Ke1 Bc3+ 37. Kd1 Re8 0-1

[Event "2024 Newport Major"]
[Site "Newport"]
[Date "2024.08.18"]
[Round "5.18"]
[White "Saparovich, Mikhail"]
[Black "Swamy, Anshul"]
[Result "1/2-1/2"]
[WhiteElo "1400"]
[BlackElo "1669"]
[PlyCount "83"]
[EventDate "2024.08.16"]

1. d4 d5 2. Nc3 Nf6 3. Bf4 a6 4. e3 Bf5 5. Nf3 e6 6. a3 c5 7. dxc5 Bxc5 8. Be2 Nc6 9. O-O O-O 10. Nd4 Bxd4 11. exd4 Qb6 12. Bd6 Rfd8 13. Bc5 Qxb2 14. Na4 Qxc2 15. Qxc2 Bxc2 16. Nb6 Rab8 17. f3 Re8 18. Rac1 Bg6 19. Bd6 Rbd8 20. Bc7 Nxd4 21. Bd1 Nc6 22. Ba4 d4 23. Bxc6 bxc6 24. Bxd8 Rxd8 25. Rxc6 d3 26. Nc4 h6 27. Nd2 Rb8 28. Rxa6 Rb2 29. Rd1 Nd5 30. Nc4 Rc2 31. Rc6 Ne3 32. Nxe3 Rxc6 33. a4 Rc3 34. a5 Ra3 35. Nc4 Ra4 36. Kf2 Rxc4 37. Ra1 Rc7 38. Ke3 Ra7 39. Kd2 Kf8 40. Kc3 Ke7 41. Kb4 d2 42. Rd1 1/2-1/2